000 00831nab a22002057a 4500
999 _c5826
_d5826
003 OSt
005 20260107122015.0
008 190514b xxu||||| |||| 00| 0 spa d
040 _cPJ
100 _96731
_aDumpe, María Laura
245 1 0 _aAlimentos de hijos mayores de edad con discapacidad /
_cMaría Laura Dumpe.
300 _ap. 104-107
505 _aSumario: I. Introducción.— II. Naturaleza jurídica del deber alimentario y su fuente.— III. El derecho alimentario es un derecho humano.
505 _tSi te interesa el texto, comunicate a koha@justierradelfuego.gov.ar
650 0 _9967
_aDERECHO DE FAMILIA
650 0 _9968
_aALIMENTOS
650 0 _91074
_aOBLIGACION ALIMENTARIA
773 0 _02844
_93222
_dBuenos Aires : AbeledoPerrot, 1989-
_tDerecho de familia. N° 118 - Marzo 2025
_z18511201
942 _2udc
_cANA